00464nam a2200157Ia 45000010006000000050017000060080041000230410008000640820016000721000031000882450134001192600009002533000028002626500008002906540008002982546520260414151152.0260414t2015||||xx |||||||||||||| ||spa|| aESP a346.51bT72 aTorrent Ruiz, ArmandoeAUT 0aLos contratos a favor de terceros :bdel derecho romano a los Principles, definitions and model rules of the European private law c2015 a245 páginas :c24 cm. aDER aCDE